000 00527nam a2200169Ia 4500
005 20250508160513.0
008 008 250505s9999 xx 000 0 eng d
037 _aBooks to be hide in OPAC
040 _aFEDL
_beng
_cFEDL
041 _aeng
_2eng
084 _a379.111, UNE/O
_qFEDL
245 0 _aSeminar on Strategies for implementing educational plans in countries of varying stages of development
245 0 _cU N E S C O
300 _a50p.
942 _cHB
_h379.111, UNE/O
999 _c1365014
_d1365014